000
00233 a2200097 4500
001
35043
100
_a
Khan M Ali
245
_a
Constitution of the Islamic R of Pakistan
260
_a
Lahore
_b
Pak law House
_c
090
_c
23191
_d
23191
942
_a
NUST-CAE
_c
M
_c
14660
999
_c
270116
_d
270116